000
00294nam a22001097a 4500
082
_a
629.1 AER'W
100
_a
WRIGHT, P.A
_9
80218
245
_a
AEROSPACE STRUCTURAL METALS HANDBOOK VOLUME II NON FERROUS ALLOYS
260
_a
NEWYORK
_b
SYRACUSE
_c
1966
300
_a
CODE 5701 PAGE-6
942
_c
BK
999
_c
585177
_d
585177